| 000 | 00473nam a2200181Ia 4500 | ||
|---|---|---|---|
| 008 | 131103s9999 xx 000 0 und d | ||
| 040 | _aLoreto College | ||
| 041 | _aEnglish | ||
| 082 |
_a823.91/CHR _bLCBED/6289 |
||
| 100 | _aChristie, Agatha | ||
| 245 |
_aCards on the table _cAgatha Christie |
||
| 260 |
_a[s.l] _b[s.n] _c[19?] |
||
| 300 |
_a192p. _c 18cm. |
||
| 650 | _aEnglish fiction | ||
| 651 | _aEnglish literature | ||
| 850 | _aLCBED/823.91/CHR | ||
| 942 | _cBK | ||
| 999 |
_c32047 _d82526 |
||